| 000 | 00527nam a22001577a 4500 | ||
|---|---|---|---|
| 008 | 140205b xxu||||| |||| 00| 0 eng d | ||
| 050 | _aBX4705.M542B78 1997 | ||
| 100 |
_aBryant, Jennifer F. _97951 |
||
| 245 |
_aThomas Merton _bpoet, prophet, priest / _cJennifer Bryant |
||
| 260 |
_aMichigan _bEerdmans Books _c1997 |
||
| 300 | _aviii, 207p.; 21cm. | ||
| 600 |
_aMerton, Thomas _d1915-1968 _97952 |
||
| 650 |
_aJuvenile literature _97953 |
||
| 650 |
_aTrappists _xBiography _zUnited States _97954 |
||
| 942 |
_2lcc _cMONOGRAPH |
||
| 999 |
_c119942 _d119942 |
||